| 000 | 00344nam a2200133Ia 4500 | ||
|---|---|---|---|
| 008 | 220120s9999||||xx |||||||||||||| ||und|| | ||
| 082 | _a620.4 NAG | ||
| 100 | _aNag, P K | ||
| 245 | 0 | _aBasic and Applied Thermodynamics | |
| 250 | _a2 | ||
| 260 |
_aTata mc graw hill _bNew Delhi _c2011 |
||
| 300 | _b0 | ||
| 650 | _aELECTRONICS AND COMMUNICATIONS | ||
| 999 |
_c132556 _d132556 |
||